As i lay dying : the corrected text /
Uložené v:
| Hlavný autor: | |
|---|---|
| Médium: | Kniha |
| Jazyk: | English |
| Vydané: |
New York :
Vintage International,
1990
|
| Vydanie: | 1st Vintage international ed. |
| Témy: | |
| ISBN: |
067973225X (brož.) |
| Fyzický popis: |
266 s. ; 21 cm |
| Tagy: |
Pridať tag
Žiadne tagy, Buďte prvý kto otaguje tento záznam!
|
Titul je dostupný aj v ... 

MARC
| LEADER | 00000nam a2200000 a 4500 | ||
|---|---|---|---|
| 001 | 000000062 | ||
| 005 | 20040308113416.0 | ||
| 008 | 040217s1990 xxu j engo | ||
| 020 | |a 067973225X (brož.) | ||
| 040 | |a SVKKK |b slo |c SVKKK |e AACR2 | ||
| 041 | 0 | |a eng | |
| 044 | |a xxu |c US | ||
| 072 | 7 | |a 821.111(73)-3 |x Americká próza |2 konspekt | |
| 080 | |a 821.111(73)-31 |2 1997 | ||
| 080 | |a (0:82-31) |2 1997 | ||
| 100 | 1 | |a Faulkner, William, |d 1897-1962 |4 aut | |
| 245 | 1 | 0 | |a As i lay dying : |b the corrected text / |c William Faulkner |
| 250 | |a 1st Vintage international ed. | ||
| 260 | |a New York : |b Vintage International, |c 1990 | ||
| 300 | |a 266 s. ; |c 21 cm | ||
| 655 | 7 | |a americké romány |2 SVKKKPH | |
| 655 | 7 | |a umelecká literatúra |2 SVKKKPH | |
| 919 | |a 0-679-73225-X | ||
| 998 | |a BK | ||
| 090 | |g SCKUS |k Americké centrum |a III.196176 |j 959483 |i 2720019950 |s Voľný výber | ||